000 00630nam a22002057a 4500
008 090331t xxu||||| |||| 00| 0 eng d
010 _aENG-93274
020 _c150.00
035 _aEN-76807
037 _bDBAD / PUB
040 _adpl
_bEnglish
082 _a338.04
100 _aVelmurugan, G.
245 _aFundamental to entrepreneurs /
_cby G. Velmurugan
260 _aChennai
_bThe Parkar
_c2008
270 _a293, Ahamed Complex, 2nd Floor, Royapettah High Road, Royapettah,
_bChennai
_e600014
300 _a131p.
_c22cm (pbk)
650 _aEntrepreneurship.
942 _2ddc
_cEN
_mVEL
_h338.04
999 _c25597
_d25597